000 00657nam a2200217Ia 4500
001 1084
003 GE_BSU
008 181216s||||||||xx |||||||||||||| ||und||
040 _cGE_BSU
080 _a159.9
245 _aТехники консультирования и психотерапии.
245 _bТексты. Пер с англ.
245 _cПод ред.У.С.Сахакиан
260 _aМосква
260 _bАпрель-пресс,Эксмо-пресс
260 _c2000
300 _a624стр.
541 _h20л.
653 _aТехники консультирования и психотерапии
942 _cBK
999 _c35238
_d35238